000 01106nam a2200229 i 4500
001 bg
111 2 _aOgólnopolskie Forum Wymiany Doświadczeń w Dziedzinie Eksploatacji Oczyszczalni Ścieków
_n(2 ;
_d2003 ;
_cUstroń-Jaszowiec).
245 0 0 _aEksploatatorzy dla Eksploatatorów :
_b2-4 kwietnia 2003 r. Ustroń-Jaszowiec /
_c[kom. org. Maciej Bieniowski et al.].
246 1 _aOgólnopolskie Forum Wymiany Doświadczeń w Dziedzinie Eksploatacji Oczyszczalni Ścieków
260 _aWrześnia :
_bStowarzyszenie Eksploatatorów Obiektów Gospodarki Wodno-Ściekowej,
_c2003.
300 _a94 s. :
_brys., wykr. ;
_c24 cm.
504 _aBibliogr. przy ref.
650 9 _aOczyszczalnia ścieków
_xeksploatacja
655 _aMateriały konferencyjne
700 1 _aBieniowski, Maciej.
040 _cBPK
041 0 _apol
080 _a628.32.(061)
942 _cKA
008 s pl f |000 0 pol
999 _c35189
_d35189
856 _uhttp://koha.tu.koszalin.pl/cgi-bin/koha/opac-detail.pl?biblionumber=35189
_yKatalog online BPK